000 00557nam a22002057a 4500
001 000039351
003 DO-SdBNP
005 20240227073914.0
007 ta
008 130625s2002 dr c 000 0 spa d
040 _aDO-SdBNP
_bspa
_cBNPHU
082 _axxx
_bH518h
100 1 _aHenríquez Ureña, Max,
_d1885-1968
_92621
245 1 0 _aHermano y maestro /
_b
_cMax Henríquez Ureña.
260 _aSanto Domingo :
_bLibrería Dominicana,
_c1950
300 _a50 p. ;
_c20 cm.
590 _aInventariado 2022, / DG
910 _aDG
942 _2ddc
_cLBS1
999 _c51407
_d51407